[Event "España tch 2010 Femenino"]
[Site "Cortegana ESP"]
[Date "2010.08.20"]
[Round "5.1"]
[White "Vega Gutierrez, Sabrina"]
[Black "Salido Polo, Veronica"]
[Result "1/2-1/2"]
[WhiteElo "2373"]
[BlackElo "1984"]
[PlyCount "104"]
[EventDate "2010.08.17"]
[EventType "swiss"]
[EventRounds "7"]
[EventCountry "ESP"]
[Source "lmi"]
[SourceDate "2010.08.17"]

1. e4 c5 2. Nf3 Nc6 3. d4 cxd4 4. Nxd4 Nf6 5. Nc3 e5 6. Ndb5 d6 7. Bg5 a6 8.
Na3 b5 9. Nd5 Be7 10. Nxe7 Nxe7 11. Bd3 Bg4 12. Qd2 Nd7 13. c4 b4 14. Bxe7 Qxe7
15. Qxb4 Nc5 16. Qd2 f5 17. f3 fxe4 18. Bxe4 Nxe4 19. Qd5 Rc8 20. Qxe4 Be6 21.
O-O O-O 22. f4 Qa7+ 23. Kh1 Qf7 24. b3 exf4 25. Rad1 Rcd8 26. Rd4 g5 27. Qc6 d5
28. Qb6 Qf6 29. cxd5 Bxd5 30. Qxf6 Rxf6 31. Kg1 Rfd6 32. Rfd1 R6d7 33. Nc4 Be6
34. Rxd7 Rxd7 35. Rxd7 Bxd7 36. Kf2 Bf5 37. Nd6 Bd3 38. Kf3 Kg7 39. Ne4 Kg6 40.
Nc5 Bb5 41. b4 Kf5 42. a4 Bc4 43. h3 h5 44. Kf2 g4 45. hxg4+ hxg4 46. g3 f3 47.
Ke3 Ke5 48. Ne4 Bb3 49. Nc5 Bc4 50. Ne4 Bb3 51. Nc5 Bc4 52. Ne4 Bb3 1/2-1/2

[Event "España tch 2010 Femenino"]
[Site "Cortegana ESP"]
[Date "2010.08.20"]
[Round "5.2"]
[White "Perera Borrego, Mariela"]
[Black "Vega Gutierrez, Belinda"]
[Result "1-0"]
[WhiteElo "2068"]
[BlackElo "2266"]
[PlyCount "99"]
[EventDate "2010.08.17"]
[EventType "swiss"]
[EventRounds "7"]
[EventCountry "ESP"]
[Source "lmi"]
[SourceDate "2010.08.17"]

1. d4 Nf6 2. Nf3 g6 3. c3 Bg7 4. Bg5 O-O 5. Nbd2 d6 6. e4 c5 7. dxc5 dxc5 8.
Bc4 Nc6 9. Qe2 Ng4 10. O-O Qc7 11. Bh4 a6 12. a4 Bd7 13. Rfe1 e5 14. Nf1 Na5
15. Ba2 Bxa4 16. Bxf7+ Rxf7 17. Rxa4 h6 18. h3 Nf6 19. Nxe5 Qxe5 20. Bg3 Qe7
21. Rxa5 Nh5 22. Bh2 Raf8 23. f3 Nf4 24. Bxf4 Rxf4 25. Qc4+ Kh7 26. Qxc5 Qd8
27. Raa1 R4f7 28. Rad1 Qh4 29. Qf2 Qe7 30. Rd5 b5 31. Kh1 Qe8 32. Qg3 Rf4 33.
Red1 Be5 34. Rd7+ R4f7 35. Rxf7+ Rxf7 36. Qf2 Qe6 37. Rd5 Bc7 38. Qd4 h5 39. e5
g5 40. Ng3 Kh6 41. Ne4 Rf4 42. b4 Kg6 43. Qd3 Kh6 44. Nc5 Qf5 45. Qxf5 Rxf5 46.
Nxa6 Bxe5 47. g4 hxg4 48. hxg4 Rf6 49. Rxe5 Rxa6 50. Rxb5 1-0

[Event "España tch 2010 Femenino"]
[Site "Cortegana ESP"]
[Date "2010.08.20"]
[Round "5.3"]
[White "Calzetta Ruiz, Monica"]
[Black "Garcia Vicente, Nieves"]
[Result "0-1"]
[WhiteElo "2256"]
[BlackElo "2208"]
[PlyCount "68"]
[EventDate "2010.08.17"]
[EventType "swiss"]
[EventRounds "7"]
[EventCountry "ESP"]
[Source "lmi"]
[SourceDate "2010.08.17"]

1. e4 e5 2. Nf3 Nc6 3. Bb5 Nf6 4. d3 Bc5 5. Bxc6 dxc6 6. Be3 Qe7 7. h3 Bd6 8.
Nbd2 c5 9. Nh4 g6 10. Qf3 Nd7 11. Qg3 Nb6 12. a4 Be6 13. a5 Nd7 14. Bh6 f6 15.
Nc4 a6 16. O-O O-O-O 17. Bd2 Nb8 18. Nxd6+ Qxd6 19. f4 c4 20. fxe5 Qxe5 21. Qf2
cxd3 22. Bc3 Qxe4 23. Rae1 Qd5 24. Bxf6 d2 25. Rd1 Rhf8 26. Qe3 Rde8 27. Rxd2
Qxa5 28. Kh2 Bf5 29. Be7 Nc6 30. Nxf5 Rxf5 31. Qe6+ Kb8 32. Rxf5 Qxd2 33. Rf7
Nd8 34. Bb4 Rxe6 0-1

[Event "España tch 2010 Femenino"]
[Site "Cortegana ESP"]
[Date "2010.08.20"]
[Round "5.4"]
[White "Aranaz Murillo, Amalia"]
[Black "Pascual Palomo, Lucia"]
[Result "0-1"]
[WhiteElo "2190"]
[BlackElo "2126"]
[PlyCount "152"]
[EventDate "2010.08.17"]
[EventType "swiss"]
[EventRounds "7"]
[EventCountry "ESP"]
[Source "lmi"]
[SourceDate "2010.08.17"]

1. Nf3 Nf6 2. c4 c5 3. Nc3 b6 4. g3 Bb7 5. Bg2 g6 6. O-O Bg7 7. d4 cxd4 8. Qxd4
d6 9. Rd1 Nbd7 10. Be3 Rc8 11. Rac1 O-O 12. Qh4 a6 13. b3 Rc7 14. Na4 b5 15.
cxb5 Rxc1 16. Rxc1 axb5 17. Nc3 Qa8 18. Qb4 Bc6 19. Bh3 Bxf3 20. exf3 Ne5 21.
Bg2 Nd3 22. Qxb5 Nxc1 23. Bxc1 Rc8 24. Bd2 d5 25. Qd3 e6 26. a4 Nd7 27. Nb5 Nc5
28. Qb1 Qb8 29. Bf1 d4 30. Qd1 e5 31. b4 Na6 32. Qb3 Bf8 33. f4 e4 34. Bc4 Qb7
35. Bd5 Qe7 36. Nxd4 Nxb4 37. Bxb4 Qxb4 38. Bxf7+ Kh8 39. Qxb4 Bxb4 40. Nb3 Rd8
41. a5 Kg7 42. Bc4 Kf6 43. a6 Rd7 44. Bb5 Rc7 45. Kf1 Ke6 46. Kg2 Kd5 47. h4
Be1 48. Kf1 Bc3 49. Ke2 Bb4 50. Kf1 Rc2 51. Be8 Rc7 52. Bb5 Bd6 53. Na5 Bc5 54.
Nc4 Ba7 55. Ne3+ Kc5 56. Be2 Kd4 57. Ng4 Rc1+ 58. Kg2 Rc2 59. Kf1 Kc3 60. Ne5
Rc1+ 61. Kg2 Kd2 62. Bb5 Rc7 63. Bc6 Ke1 64. Bxe4 Rg7 65. Kf3 Rc7 66. g4 Rc3+
67. Kg2 Ra3 68. Nf3+ Ke2 69. Bb7 Bxf2 70. f5 Ra4 71. Ne5 gxf5 72. gxf5 Bxh4 73.
Nd7 Bf2 74. f6 Rg4+ 75. Kh3 Rf4 76. Bd5 Kf1 0-1

[Event "España tch 2010 Femenino"]
[Site "Cortegana ESP"]
[Date "2010.08.20"]
[Round "5.5"]
[White "Rodrigo Yanguas, Maria"]
[Black "Nieto Asencio, Mari Carmen"]
[Result "0-1"]
[WhiteElo "2092"]
[BlackElo "1952"]
[PlyCount "86"]
[EventDate "2010.08.17"]
[EventType "swiss"]
[EventRounds "7"]
[EventCountry "ESP"]
[Source "lmi"]
[SourceDate "2010.08.17"]

1. e4 c5 2. Nf3 g6 3. d4 cxd4 4. Nxd4 Nc6 5. Nc3 Bg7 6. Nb3 Nf6 7. Be2 d6 8.
O-O O-O 9. Bg5 Be6 10. Kh1 Rc8 11. f4 Na5 12. f5 Bc4 13. Bd3 b5 14. Qe1 b4 15.
Ne2 Qb6 16. Nxa5 Qxa5 17. Bd2 Qb5 18. Nd4 Qb6 19. Nf3 a5 20. Qh4 Qb5 21. Bh6
Bxd3 22. cxd3 Qxd3 23. Ng5 Nh5 24. Bxg7 Kxg7 25. fxg6 hxg6 26. g4 Nf6 27. Rad1
Qe2 28. h3 Rc2 29. Qg3 Nxe4 30. Nxe4 Qxe4+ 31. Kg1 Rxb2 32. Rde1 Qd4+ 33. Kh1
Qd5+ 34. Kg1 e5 35. Rd1 Qc5+ 36. Kh1 Qc6+ 37. Kg1 Rxa2 38. Rc1 Rc2 39. Ra1 a4
40. h4 a3 41. h5 Qc3 42. h6+ Kh7 43. Qh4 Qd4+ 0-1

[Event "España tch 2010 Femenino"]
[Site "Cortegana ESP"]
[Date "2010.08.20"]
[Round "5.6"]
[White "Marin Benito, Carla"]
[Black "Redondo Arguelles, Graciela"]
[Result "0-1"]
[WhiteElo "1832"]
[BlackElo "2102"]
[PlyCount "56"]
[EventDate "2010.08.17"]
[EventType "swiss"]
[EventRounds "7"]
[EventCountry "ESP"]
[Source "lmi"]
[SourceDate "2010.08.17"]

1. e4 e6 2. d4 d5 3. Nd2 dxe4 4. Nxe4 Be7 5. Nf3 Nf6 6. Nxf6+ Bxf6 7. c3 Nd7 8.
Bf4 O-O 9. Bd3 Re8 10. O-O c5 11. dxc5 e5 12. Bg3 e4 13. Bb5 exf3 14. Qxf3 Ne5
15. Bxe5 Rxe5 16. Rfe1 Qc7 17. b4 Bd7 18. Rxe5 Bxe5 19. Bc4 Bc6 20. Qh3 b6 21.
Bb3 Qd7 22. Qe3 Qf5 23. h3 Qf6 24. Rd1 Re8 25. Qd3 Bxc3 26. b5 Be4 27. Qc4 Bf5
28. a4 Be6 0-1

[Event "España tch 2010 Femenino"]
[Site "Cortegana ESP"]
[Date "2010.08.20"]
[Round "5.7"]
[White "Garcia Rodriguez, Sara"]
[Black "Gutierrez Castillo, Paloma"]
[Result "1-0"]
[WhiteElo "1867"]
[BlackElo "2167"]
[PlyCount "75"]
[EventDate "2010.08.17"]
[EventType "swiss"]
[EventRounds "7"]
[EventCountry "ESP"]
[Source "lmi"]
[SourceDate "2010.08.17"]

1. e4 e5 2. Nf3 Nc6 3. Bc4 Bc5 4. c3 Nf6 5. d4 exd4 6. cxd4 Bb4+ 7. Bd2 Bxd2+
8. Nbxd2 d5 9. exd5 Nxd5 10. Qb3 Nce7 11. O-O O-O 12. Rfe1 c6 13. Ne4 b6 14.
Ne5 Be6 15. Ng5 Rc8 16. Nxe6 fxe6 17. Nf3 b5 18. Bd3 Nf4 19. Rxe6 Ned5 20. Re5
Kh8 21. Rae1 Qd7 22. Be4 Qg4 23. Ng5 Ne2+ 24. Kh1 Rxf2 25. Bf3 Qxd4 26. R5xe2
Rxe2 27. Rxe2 Qf4 28. Nh3 Qc1+ 29. Ng1 Rf8 30. Bxd5 cxd5 31. Qxd5 h6 32. Qxb5
Qb1 33. a3 Qc1 34. Re7 Qd1 35. Rxa7 Qg4 36. Qb4 Rf4 37. Qd2 Qf5 38. Rd7 1-0

[Event "España tch 2010 Femenino"]
[Site "Cortegana ESP"]
[Date "2010.08.20"]
[Round "5.8"]
[White "Buiza Prieto, Eihartze"]
[Black "Gonzalez Berruga, Ana Isabel"]
[Result "1/2-1/2"]
[WhiteElo "1766"]
[BlackElo "2008"]
[PlyCount "68"]
[EventDate "2010.08.17"]
[EventType "swiss"]
[EventRounds "7"]
[EventCountry "ESP"]
[Source "lmi"]
[SourceDate "2010.08.17"]

1. e4 c5 2. Nf3 d6 3. d4 cxd4 4. Nxd4 Nf6 5. Nc3 a6 6. Be3 e6 7. Bc4 Qc7 8. Bb3
b5 9. f3 Nc6 10. Qd2 Be7 11. O-O-O Rb8 12. g4 Ne5 13. g5 Nh5 14. f4 Nc4 15.
Bxc4 bxc4 16. Qe2 g6 17. Qf2 Ng7 18. Rhe1 O-O 19. f5 exf5 20. exf5 Nxf5 21.
Nxf5 Bxf5 22. Nd5 Qb7 23. Nxe7+ Qxe7 24. Qf4 Qb7 25. Qd4 Rfd8 26. Qf6 c3 27. b3
Qg2 28. Qxc3 Rbc8 29. Rd2 Rxc3 30. Rxg2 d5 31. Bd4 Rc6 32. Rd2 Be6 33. Kb2 Rdc8
34. Bf6 Rb6 1/2-1/2

[Event "España tch 2010 Femenino"]
[Site "Cortegana ESP"]
[Date "2010.08.20"]
[Round "5.9"]
[White "Terrones Launes, Mireia"]
[Black "Garcia Porlan, Beatriz"]
[Result "1-0"]
[WhiteElo "1933"]
[BlackElo "1702"]
[PlyCount "181"]
[EventDate "2010.08.17"]
[EventType "swiss"]
[EventRounds "7"]
[EventCountry "ESP"]
[Source "lmi"]
[SourceDate "2010.08.17"]

1. e4 e5 2. Nf3 Nc6 3. d4 exd4 4. Nxd4 Nf6 5. Nxc6 bxc6 6. e5 Nd5 7. Bd3 Be7 8.
Qg4 g6 9. Nc3 Nb4 10. Qf4 Nxd3+ 11. cxd3 d5 12. exd6 cxd6 13. O-O O-O 14. Ne4
Bf5 15. Qh6 f6 16. Rd1 Re8 17. Qd2 d5 18. Ng3 Bd7 19. b3 Bf8 20. Bb2 Bg7 21.
Rac1 Rb8 22. Re1 Rxe1+ 23. Rxe1 f5 24. d4 Bf6 25. Ne2 Qb6 26. Ba3 Re8 27. Bc5
Qc7 28. Nc1 Rxe1+ 29. Qxe1 Kf7 30. Nd3 Be8 31. f4 Bd7 32. g3 Be8 33. Ne5+ Bxe5
34. Qxe5 Qxe5 35. dxe5 a6 36. Kf2 Bd7 37. Ke3 Ke6 38. Kd3 Bc8 39. Kc3 Bb7 40.
a4 Kd7 41. Kb4 Kc7 42. Bd6+ Kd7 43. Kc5 Bc8 44. a5 Bb7 45. Kb6 Bc8 46. Bc7 h6
47. Bd6 g5 48. Bf8 g4 49. Bxh6 Ke7 50. Kc5 Bb7 51. Bg5+ Ke6 52. Bd8 Kd7 53. Bb6
Ke6 54. Bc7 Kd7 55. Bd6 Bc8 56. Kb6 d4 57. Bc5 d3 58. Bb4 Ke6 59. Kxc6 Bd7+ 60.
Kc5 Bb5 61. Kd4 Bc6 62. Kxd3 Kd5 63. Bd6 Bb5+ 64. Ke3 Bd7 65. b4 Bb5 66. Kf2
Bd3 67. Kg1 Be4 68. b5 axb5 69. a6 Ke6 70. a7 Ba8 71. Kf2 Bb7 72. Ke3 Kd5 73.
Kd3 Ba8 74. Kc3 Bb7 75. Kb4 Kc6 76. Bb8 Ba8 77. e6 Bb7 78. e7 Kd7 79. Bd6 Ba8
80. Kxb5 Be4 81. Bb4 Ba8 82. Kc4 Bb7 83. Kd4 Ke8 84. Ke5 Be4 85. Kd6 Ba8 86.
Kc7 Be4 87. Kb8 Kd7 88. a8=Q Bxa8 89. Kxa8 Ke8 90. Kb7 Kd7 91. Kb6 1-0

[Event "España tch 2010 Femenino"]
[Site "Cortegana ESP"]
[Date "2010.08.20"]
[Round "5.11"]
[White "Collado Barbas, Laura"]
[Black "Romero Diez, Sandra"]
[Result "1/2-1/2"]
[WhiteElo "2051"]
[BlackElo "1845"]
[PlyCount "107"]
[EventDate "2010.08.17"]
[EventType "swiss"]
[EventRounds "7"]
[EventCountry "ESP"]
[Source "lmi"]
[SourceDate "2010.08.17"]

1. d4 d5 2. c4 c6 3. Nf3 Nf6 4. e3 Bg4 5. Qb3 Qb6 6. Ne5 Bf5 7. cxd5 Qxb3 8.
axb3 Nxd5 9. Bc4 e6 10. O-O Bb4 11. f3 Bxb1 12. Rxb1 O-O 13. e4 Nf6 14. Rd1 Rd8
15. Bg5 Nbd7 16. Nd3 Ba5 17. Nf2 h6 18. Bh4 g5 19. Bg3 Rac8 20. Rbc1 Bc7 21. b4
a6 22. Bb3 Bxg3 23. hxg3 Nf8 24. Rd3 Ng6 25. Nd1 Ne7 26. Ne3 Rc7 27. Rcd1 Rcd7
28. Nc4 Ng6 29. Nb6 Rd6 30. Kf2 Nd7 31. Nc4 Nde5 32. Nxd6 Nxd3+ 33. Rxd3 Rxd6
34. Ke3 Ne7 35. f4 Kg7 36. Kf3 Kg6 37. Rd1 Rd8 38. Bc2 Kg7 39. Kg4 f6 40. fxg5
hxg5 41. Bb3 Rd6 42. Kf3 Kf7 43. Ke3 f5 44. Rh1 fxe4 45. Kxe4 Kf6 46. Rh6+ Ng6
47. Rh7 Ne7 48. g4 b6 49. Rh8 Nd5 50. Rg8 b5 51. Bxd5 cxd5+ 52. Kd3 Rc6 53. Rh8
Kg6 54. Ra8 1/2-1/2

[Event "España tch 2010 Femenino"]
[Site "Cortegana ESP"]
[Date "2010.08.20"]
[Round "5.12"]
[White "Crespo Ramos, Maria"]
[Black "Gallardo Pina, Neus"]
[Result "0-1"]
[WhiteElo "1692"]
[BlackElo "1838"]
[PlyCount "85"]
[EventDate "2010.08.17"]
[EventType "swiss"]
[EventRounds "7"]
[EventCountry "ESP"]
[Source "lmi"]
[SourceDate "2010.08.17"]

1. e4 c5 2. Nf3 Nc6 3. Nc3 g6 4. d4 cxd4 5. Nxd4 Bg7 6. Nb3 Nf6 7. g4 d6 8. g5
Nd7 9. h4 Nc5 10. Nxc5 dxc5 11. Qxd8+ Kxd8 12. Be3 Bxc3+ 13. bxc3 b6 14. O-O-O+
Kc7 15. f3 Be6 16. Bh3 Bxh3 17. Rxh3 Rad8 18. h5 Rxd1+ 19. Kxd1 Rd8+ 20. Ke2
Rd7 21. f4 e6 22. hxg6 fxg6 23. Kf3 Rf7 24. Kg4 Na5 25. Bc1 Nc4 26. Rh2 Nd6 27.
Re2 Kc6 28. e5 Nf5 29. c4 Rd7 30. Rd2 Ne3+ 31. Kf3 Rxd2 32. Bxd2 Nxc4 33. Bc1
Kd5 34. c3 Na5 35. Ke3 Kc4 36. Ke4 Nc6 37. Bb2 Ne7 38. Ke3 Nd5+ 39. Kd2 Nxf4
40. Ba1 Nh3 41. Ke3 Nxg5 42. Kf4 Nf7 43. Ke4 0-1

[Event "España tch 2010 Femenino"]
[Site "Cortegana ESP"]
[Date "2010.08.21"]
[Round "6.1"]
[White "Garcia Vicente, Nieves"]
[Black "Salido Polo, Veronica"]
[Result "0-1"]
[WhiteElo "2208"]
[BlackElo "1984"]
[PlyCount "92"]
[EventDate "2010.08.17"]
[EventType "swiss"]
[EventRounds "7"]
[EventCountry "ESP"]
[Source "lmi"]
[SourceDate "2010.08.17"]

1. d4 Nf6 2. c4 g6 3. Nc3 Bg7 4. e4 d6 5. Be2 O-O 6. Bg5 a6 7. Qd2 c5 8. d5 b5
9. cxb5 Qa5 10. f3 Nbd7 11. Nh3 Rb8 12. bxa6 Bxa6 13. O-O Ne5 14. Rfb1 Rb4 15.
Nf2 Rfb8 16. f4 Rd4 17. Qe3 Nc4 18. Bxc4 Bxc4 19. b4 Qa7 20. bxc5 Rxb1+ 21.
Rxb1 Ng4 22. Nxg4 Rd3 23. Qe1 Bxc3 24. Qh4 Bxa2 25. Rf1 Qxc5+ 26. Kh1 Qc4 27.
Rc1 Bg7 28. Re1 f6 29. Bh6 Bxh6 30. Nxh6+ Kg7 31. h3 Rd4 32. f5 Qxd5 33. fxg6
hxg6 34. Nf5+ Qxf5 35. exf5 Rxh4 36. Rxe7+ Bf7 37. fxg6 Kxg6 38. Kg1 d5 39. Rd7
Be6 40. Rd6 Kf5 41. Kf2 Ke5 42. Rd8 d4 43. Kg3 Rh7 44. Rb8 d3 45. Kf2 Kd4 46.
Ke1 Kc3 0-1

[Event "España tch 2010 Femenino"]
[Site "Cortegana ESP"]
[Date "2010.08.21"]
[Round "6.2"]
[White "Pascual Palomo, Lucia"]
[Black "Perera Borrego, Mariela"]
[Result "1-0"]
[WhiteElo "2126"]
[BlackElo "2068"]
[PlyCount "107"]
[EventDate "2010.08.17"]
[EventType "swiss"]
[EventRounds "7"]
[EventCountry "ESP"]
[Source "lmi"]
[SourceDate "2010.08.17"]

1. e4 d6 2. d4 Nf6 3. Nc3 e5 4. Nf3 Nbd7 5. Bc4 Be7 6. O-O O-O 7. Re1 c6 8. a4
b6 9. d5 cxd5 10. Nxd5 Bb7 11. b3 Rc8 12. Ra2 Nc5 13. Nxf6+ Bxf6 14. Bd5 Qd7
15. Ba3 Rfd8 16. Bxc5 Rxc5 17. Bxb7 Qxb7 18. c4 a6 19. Rd2 Qc6 20. Rd3 b5 21.
Nd2 bxc4 22. Nxc4 d5 23. f4 Qa8 24. Nxe5 dxe4 25. Rxd8+ Bxd8 26. Qd6 Rc2 27.
Rd1 Bf6 28. Ng4 Bh4 29. g3 h5 30. Ne3 Re2 31. Qb6 Bf6 32. Nd5 Bd8 33. Qd4 Qc6
34. Nb4 Qb6 35. Kf1 Qxd4 36. Rxd4 Bf6 37. Kxe2 Bxd4 38. Nxa6 Kf8 39. Nb4 Ke8
40. Nc6 Bg1 41. h3 f5 42. Ne5 Kd8 43. b4 Kc7 44. Nc4 Bh2 45. Ne3 Bxg3 46. Nxf5
Bxf4 47. Nxg7 Kb6 48. Nxh5 Bd6 49. Nf6 Kc6 50. b5+ Kb6 51. Nxe4 Bb4 52. Kd3 Ka5
53. Nc3 Be7 54. Kc4 1-0

[Event "España tch 2010 Femenino"]
[Site "Cortegana ESP"]
[Date "2010.08.21"]
[Round "6.3"]
[White "Nieto Asencio, Mari Carmen"]
[Black "Vega Gutierrez, Sabrina"]
[Result "1/2-1/2"]
[WhiteElo "1952"]
[BlackElo "2373"]
[PlyCount "97"]
[EventDate "2010.08.17"]
[EventType "swiss"]
[EventRounds "7"]
[EventCountry "ESP"]
[Source "lmi"]
[SourceDate "2010.08.17"]

1. d4 d5 2. Nf3 Nf6 3. e3 g6 4. Bd3 Bg7 5. O-O O-O 6. Nbd2 Nbd7 7. c4 c5 8. b3
cxd4 9. exd4 b6 10. Bb2 Bb7 11. Re1 Re8 12. Ne5 dxc4 13. Bxc4 e6 14. Ndf3 Nxe5
15. Nxe5 a6 16. a4 Nh5 17. Qg4 Bd5 18. Rac1 Qd6 19. g3 Rec8 20. Qe2 Bxc4 21.
Rxc4 Rxc4 22. Qxc4 Nf6 23. Rc1 Nd5 24. Qc6 Qxc6 25. Rxc6 Bf8 26. Nd7 b5 27. Nb6
Nxb6 28. Rxb6 Rc8 29. axb5 axb5 30. d5 Rc2 31. Bf6 exd5 32. Rb8 Rc7 33. Rxb5
Rd7 34. Rb8 d4 35. Kf1 h5 36. Ke2 Rd6 37. Bh8 f6 38. Kd3 Kf7 39. b4 Be7 40. b5
Rd8 41. Rxd8 Bxd8 42. Kxd4 Kg8 43. Kd5 Kxh8 44. Kc6 Kg7 45. b6 Bxb6 46. Kxb6
Kf7 47. Kc5 Ke6 48. Kd4 Kd6 49. Ke4 1/2-1/2

[Event "España tch 2010 Femenino"]
[Site "Cortegana ESP"]
[Date "2010.08.21"]
[Round "6.4"]
[White "Redondo Arguelles, Graciela"]
[Black "Calzetta Ruiz, Monica"]
[Result "0-1"]
[WhiteElo "2102"]
[BlackElo "2256"]
[PlyCount "116"]
[EventDate "2010.08.17"]
[EventType "swiss"]
[EventRounds "7"]
[EventCountry "ESP"]
[Source "lmi"]
[SourceDate "2010.08.17"]

1. e4 c5 2. c3 d5 3. exd5 Qxd5 4. d4 g6 5. Nf3 Bg7 6. Be2 Nf6 7. O-O O-O 8.
dxc5 Qxc5 9. Be3 Qa5 10. Qc1 Nc6 11. Bh6 Bf5 12. Bxg7 Kxg7 13. Na3 Rfd8 14. Rd1
h6 15. Nc4 Qc7 16. Ne3 Be6 17. Nc2 Rxd1+ 18. Qxd1 Rd8 19. Ncd4 Bg4 20. Qe1 Nxd4
21. Nxd4 e5 22. Nc2 Be6 23. Ne3 Ne4 24. Bf3 Nc5 25. Be2 f5 26. b3 f4 27. Nc2
Bf5 28. Rc1 Nd3 29. Bxd3 Rxd3 30. Nb4 Rd7 31. c4 Rd4 32. Nd5 Qd6 33. Rd1 Rxd1
34. Qxd1 Be4 35. Nc3 Qxd1+ 36. Nxd1 Bc6 37. f3 e4 38. fxe4 Bxe4 39. Nc3 Bc6 40.
Kf2 Kf6 41. g3 fxg3+ 42. hxg3 Ke5 43. Ke3 h5 44. b4 b6 45. a4 g5 46. a5 bxa5
47. b5 Bh1 48. c5 h4 49. gxh4 gxh4 50. c6 Kd6 51. Kf2 Bxc6 52. bxc6 Kxc6 53.
Kg2 Kc5 54. Kh3 Kb4 55. Na2+ Kb3 56. Nc1+ Kc2 57. Ne2 a4 58. Nd4+ Kb2 0-1

[Event "España tch 2010 Femenino"]
[Site "Cortegana ESP"]
[Date "2010.08.21"]
[Round "6.5"]
[White "Vega Gutierrez, Belinda"]
[Black "Terrones Launes, Mireia"]
[Result "1/2-1/2"]
[WhiteElo "2266"]
[BlackElo "1933"]
[PlyCount "97"]
[EventDate "2010.08.17"]
[EventType "swiss"]
[EventRounds "7"]
[EventCountry "ESP"]
[Source "lmi"]
[SourceDate "2010.08.17"]

1. e4 e5 2. Nf3 Nc6 3. Bb5 a6 4. Bxc6 dxc6 5. O-O Bg4 6. h3 h5 7. d3 Qf6 8. Be3
Bxf3 9. Qxf3 Qxf3 10. gxf3 Bd6 11. Nd2 O-O-O 12. Nc4 Ne7 13. f4 exf4 14. Nxd6+
cxd6 15. Bxf4 f6 16. Be3 d5 17. Kh1 Rde8 18. Rae1 dxe4 19. dxe4 Rhg8 20. Rg1 g5
21. f4 gxf4 22. Bxf4 Ng6 23. Bh2 Ne5 24. Rgf1 Nd7 25. Rf5 Rg5 26. Rxg5 fxg5 27.
e5 Nc5 28. Bg1 Ne6 29. Be3 Kc7 30. Kg2 Rf8 31. c4 Rf5 32. Bd2 Nf4+ 33. Bxf4
Rxf4 34. e6 Kd8 35. b3 Rf5 36. Rd1+ Ke7 37. Rd7+ Kxe6 38. Rxb7 Ra5 39. a4 Kd6
40. Rb8 Re5 41. b4 Re4 42. c5+ Kc7 43. Rb6 g4 44. h4 Rc4 45. Rxa6 Rxb4 46. Ra7+
Rb7 47. Ra8 Rb8 48. Ra7+ Rb7 49. Ra8 1/2-1/2

[Event "España tch 2010 Femenino"]
[Site "Cortegana ESP"]
[Date "2010.08.21"]
[Round "6.6"]
[White "Rodrigo Yanguas, Maria"]
[Black "Aranaz Murillo, Amalia"]
[Result "0-1"]
[WhiteElo "2092"]
[BlackElo "2190"]
[PlyCount "48"]
[EventDate "2010.08.17"]
[EventType "swiss"]
[EventRounds "7"]
[EventCountry "ESP"]
[Source "lmi"]
[SourceDate "2010.08.17"]

1. e4 c6 2. d4 d5 3. Nc3 dxe4 4. Nxe4 Bf5 5. Ng3 Bg6 6. h4 h6 7. f4 e6 8. h5
Bh7 9. Nf3 Bd6 10. Bd3 Bxd3 11. Qxd3 Nf6 12. Bd2 Nbd7 13. O-O-O O-O 14. Ne5 c5
15. Ne4 Nxe4 16. Qxe4 Nf6 17. Qe2 cxd4 18. g4 Qc7 19. g5 hxg5 20. Rdg1 Rac8 21.
Be1 Nd5 22. Qe4 Nxf4 23. h6 f5 24. Ba5 b6 0-1

[Event "España tch 2010 Femenino"]
[Site "Cortegana ESP"]
[Date "2010.08.21"]
[Round "6.7"]
[White "Gonzalez Berruga, Ana Isabel"]
[Black "Garcia Rodriguez, Sara"]
[Result "1-0"]
[WhiteElo "2008"]
[BlackElo "1867"]
[PlyCount "53"]
[EventDate "2010.08.17"]
[EventType "swiss"]
[EventRounds "7"]
[EventCountry "ESP"]
[Source "lmi"]
[SourceDate "2010.08.17"]

1. d4 Nf6 2. c4 g6 3. Nc3 Bg7 4. e4 d6 5. f3 O-O 6. Bg5 Nbd7 7. Qd2 e5 8. d5 a6
9. h4 Qe8 10. g4 h5 11. Be2 Rb8 12. Nh3 c6 13. Nf2 hxg4 14. fxg4 Nb6 15. Qe3 c5
16. h5 Nbd7 17. Bh6 Qe7 18. Bxg7 Kxg7 19. hxg6 fxg6 20. Qh6+ Kf7 21. Nh3 Qe8
22. Ng5+ Ke7 23. Qg7+ Rf7 24. Qxg6 Nf8 25. Qxf7+ Qxf7 26. Nxf7 Kxf7 27. g5 1-0

[Event "España tch 2010 Femenino"]
[Site "Cortegana ESP"]
[Date "2010.08.21"]
[Round "6.8"]
[White "Beltran Ortiz, Edda G"]
[Black "Marin Benito, Carla"]
[Result "0-1"]
[WhiteElo "1878"]
[BlackElo "1832"]
[PlyCount "186"]
[EventDate "2010.08.17"]
[EventType "swiss"]
[EventRounds "7"]
[EventCountry "ESP"]
[Source "lmi"]
[SourceDate "2010.08.17"]

1. e4 e5 2. Nc3 Nf6 3. g3 d5 4. exd5 Nxd5 5. Bg2 Nxc3 6. bxc3 Bd6 7. Ne2 O-O 8.
O-O c6 9. d3 Nd7 10. f4 exf4 11. Bxf4 Ne5 12. Qd2 Re8 13. Rab1 Qc7 14. Nd4 Re7
15. Be4 Bg4 16. Nf5 Bxf5 17. Bxf5 Ng6 18. Bxd6 Qxd6 19. Rf2 Rae8 20. d4 Qa3 21.
Rbf1 Qxa2 22. Bd3 f6 23. Re2 Rxe2 24. Bxe2 Qe6 25. Bd3 Qe3+ 26. Qxe3 Rxe3 27.
Ra1 a6 28. Rb1 Re7 29. Ra1 Kf7 30. Kf2 Nf8 31. c4 Rd7 32. d5 cxd5 33. cxd5 Ng6
34. Bxg6+ hxg6 35. c4 Rc7 36. Ra4 Ke7 37. Ke3 b5 38. Rxa6 Rxc4 39. Rb6 b4 40.
Kd3 Rc3+ 41. Kd2 Rc4 42. Kd3 Rg4 43. Rb7+ Kd6 44. Rxg7 Kxd5 45. Rd7+ Kc6 46.
Rf7 f5 47. Kc2 Kb5 48. Kb3 Re4 49. Rb7+ Kc5 50. Rc7+ Kd6 51. Rg7 Rg4 52. Rg8
Ke6 53. Rb8 Kf6 54. Rb6+ Kg5 55. Rb8 Re4 56. Rg8 Kh6 57. Rh8+ Kg7 58. Rc8 Re2
59. Rc7+ Kh6 60. Rc8 Kg5 61. Rh8 Re4 62. Rg8 Kh5 63. Rg7 g5 64. Rf7 f4 65. Rf8
Re3+ 66. Kxb4 f3 67. h4 gxh4 68. gxh4 Kxh4 69. Kc4 Kg3 70. Kd4 Kf2 71. Rh8 Ke2
72. Ra8 Re7 73. Ra2+ Kf1 74. Ra8 f2 75. Kd3 Kg2 76. Rg8+ Kf1 77. Ra8 Re1 78.
Rg8 Re5 79. Ra8 Kg2 80. Rg8+ Kf3 81. Rf8+ Kg3 82. Rg8+ Kh2 83. Rh8+ Kg1 84.
Rg8+ Kf1 85. Ra8 Re1 86. Rg8 Rd1+ 87. Kc2 Rd5 88. Kc3 Ke2 89. Re8+ Kf3 90. Rf8+
Ke3 91. Kc4 Rd1 92. Re8+ Kd2 93. Rd8+ Kc2 0-1

[Event "España tch 2010 Femenino"]
[Site "Cortegana ESP"]
[Date "2010.08.21"]
[Round "6.10"]
[White "Gutierrez Castillo, Paloma"]
[Black "Garcia Porlan, Beatriz"]
[Result "1-0"]
[WhiteElo "2167"]
[BlackElo "1702"]
[PlyCount "91"]
[EventDate "2010.08.17"]
[EventType "swiss"]
[EventRounds "7"]
[EventCountry "ESP"]
[Source "lmi"]
[SourceDate "2010.08.17"]

1. e4 e5 2. Nf3 Nc6 3. Bc4 Nf6 4. d3 Be7 5. Nbd2 d6 6. c3 O-O 7. Bb3 Re8 8. Nf1
Bf8 9. Ng3 Na5 10. Bc2 Nc6 11. O-O Bd7 12. h3 h6 13. d4 exd4 14. cxd4 g6 15.
Re1 Bg7 16. Bd2 Qc8 17. Bc3 Re7 18. Bb3 Qe8 19. d5 Ne5 20. Nxe5 dxe5 21. Bb4 a5
22. Bxe7 Qxe7 23. Rc1 Qd6 24. Ba4 b5 25. Bc2 Rd8 26. Qd2 b4 27. Qd1 Qb6 28. Ba4
Bf8 29. Bxd7 Nxd7 30. Rc6 Qa7 31. Qe2 Bc5 32. Rc1 Bb6 33. Nh1 Nc5 34. Qc2 Nb7
35. Rxc7 Bxc7 36. Qxc7 Qb8 37. f3 Kf8 38. Nf2 h5 39. Nd3 Re8 40. Qxb8 Rxb8 41.
Nxe5 Rd8 42. Nxf7 Kxf7 43. Rc7+ Kf6 44. Rxb7 Rc8 45. Rb6+ Kf7 46. Rc6 1-0